Catálogo

INTRODUCCION A LA PEDAGOGIA DE LA COMUNICACION (Registro nro. 22682)

Detalles MARC
000 -LEADER
fixed length control field 00561nam a2200205 a 4500
001 - CONTROL NUMBER
control field 22682
005 - DATE AND TIME OF LATEST TRANSACTION
control field 20180713220622.0
008 - FIXED-LENGTH DATA ELEMENTS--GENERAL INFORMATION
fixed length control field 140415s1990 000 0 spa d
020 ## - INTERNATIONAL STANDARD BOOK NUMBER
International Standard Book Number 9682435323
041 ## - LANGUAGE CODE
Language code of text/sound track or separate title spa
082 ## - DEWEY DECIMAL CLASSIFICATION NUMBER
Classification number 370.0141
Item number PIC
100 1# - MAIN ENTRY--PERSONAL NAME
Personal name PICCINI, MABEL
245 10 - TITLE STATEMENT
Title INTRODUCCION A LA PEDAGOGIA DE LA COMUNICACION
250 ## - EDITION STATEMENT
Edition statement 2a ed.
260 ## - PUBLICATION, DISTRIBUTION, ETC.
Place of publication, distribution, etc. [s.l.] :
Name of publisher, distributor, etc. TRILLAS,
Date of publication, distribution, etc. 1990
300 ## - PHYSICAL DESCRIPTION
Extent 141
490 ## - SERIES STATEMENT
Series statement BIBLIOTECA UNIVERSITARIA BASICA
650 14 - SUBJECT ADDED ENTRY--TOPICAL TERM
Topical term or geographic name entry element COMUNICACION
General subdivision PEDAGOGIA
700 1# - ADDED ENTRY--PERSONAL NAME
Personal name METHOL, ANA MARIA
Relator term coaut.
Existencias
Withdrawn status Lost status Source of classification or shelving scheme Damaged status Not for loan Collection code Home library Current library Shelving location Date acquired Source of acquisition Inventory number Total Checkouts Full call number Barcode Date last seen Price effective from Koha item type Date last checked out
    Dewey Decimal Classification     General Biblioteca Karol Wojtyla Biblioteca Karol Wojtyla Sala general 03/12/2013 Compra 151000000000000000044268   370.0141 PIC 4333 05/01/2026 03/12/2013 Libro  
  Extraviado Dewey Decimal Classification       Biblioteca Karol Wojtyla Biblioteca Karol Wojtyla   03/12/2013 Compra     370.0141 PIC 4337   03/12/2013 Libro  
    Dewey Decimal Classification     General Biblioteca Karol Wojtyla Biblioteca Karol Wojtyla Sala general 03/12/2013 Compra 151000000000000000044269   370.0141 PIC 44931 05/01/2026 03/12/2013 Libro 25/08/2016
    Dewey Decimal Classification     General Biblioteca Karol Wojtyla Biblioteca Karol Wojtyla Sala general 03/12/2013 Compra 151000000000000000044270   370.0141 PIC 54267 05/01/2026 03/12/2013 Libro  
    Dewey Decimal Classification   Consulta en sala General Tehuacán Tehuacán Sala general 03/12/2013 Compra     302.2 PIC 501805 08/01/2025 03/12/2013 Reserva permanente